000 00652nam a2200241Ia 4500
005 20260429111949.0
008 260429s9999||||xx |||||||||||||| ||und||
020 _a9780323881852
041 _aEnglish
082 _a571.98
_bSPE
100 _aSpec, Andrej
245 0 _aComprehensive review of infectious diseases /
_cAndrej Spec
250 _a2nd ed.
260 _aUnited States :
_bElsevier,
_c2026.
300 _axx, 831 p.; hb
650 _a Communicable diseases
650 _a Infectious diseases
650 _aDiseases
700 _a Davies, Bethany
700 _a Escota, Gerome
700 _a O'Halloran, Jane A.
942 _cTB
999 _c51652
_d51652